GETS Theological Seminary Library

What is New Testament theology?: (Record no. 24576)

MARC details
000 -LEADER
fixed length control field 00698nam a2200193Ia 4500
008 - FIXED-LENGTH DATA ELEMENTS--GENERAL INFORMATION
fixed length control field 200830s9999||||xx |||||||||||||| ||und||
020 ## - INTERNATIONAL STANDARD BOOK NUMBER
International Standard Book Number 0800604660
020 ## - INTERNATIONAL STANDARD BOOK NUMBER
International Standard Book Number 9780800604660
041 ## - LANGUAGE CODE
Language code of text/sound track or separate title eng.
050 ## - LIBRARY OF CONGRESS CALL NUMBER
Classification number BS2397
Item number .B58 1979
100 ## - MAIN ENTRY--PERSONAL NAME
Personal name Boers, Hendrikus
245 #0 - TITLE STATEMENT
Title What is New Testament theology?:
Remainder of title the rise of criticism and the problem of a theology of the New Testament /
Statement of responsibility, etc. Hendrikus Boers
260 ## - PUBLICATION, DISTRIBUTION, ETC.
Place of publication, distribution, etc. Philadelphia :
Name of publisher, distributor, etc. Fortress Press,
Date of publication, distribution, etc. 1979
300 ## - PHYSICAL DESCRIPTION
Extent 95 p.
Other physical details ;
Dimensions 22 cm.
650 ## - SUBJECT ADDED ENTRY--TOPICAL TERM
Topical term or geographic name entry element Bible. -- New Testament -- Criticism, interpretation, etc. -- History.
650 ## - SUBJECT ADDED ENTRY--TOPICAL TERM
Topical term or geographic name entry element Bible. -- New Testament -- Théologie.
650 ## - SUBJECT ADDED ENTRY--TOPICAL TERM
Topical term or geographic name entry element Bible. -- New Testament -- Theology.
Holdings
Withdrawn status Lost status Damaged status Not for loan Home library Current library Shelving location Date acquired Total Checkouts Full call number Barcode Date last seen Price effective from Koha item type
        GETS Theological Seminary Library GETS Theological Seminary Library General Stacks 08/30/2020   BS2397 .B58 1979 00012435 08/30/2020 08/30/2020 English Books
OpacCredits

Contact the Librarian, GETS Library
Email: library@mygets.org









Implemented by GETS Library
(Powered by ETCA Professional Group)
GETS Theological Seminary
412 E. Rowland Street, CA 91723